000 00746nam a2200217 i 4500
001 116359
003 ES-MaACL
005 20240424091327.0
007 t|
008 061121s1917 sp r ||||1| spa d
245 0 0 _aParnaso español de los siglos XVIII y XIX /
_cpublícalo Adolfo Bonilla San Martín.
260 _aMadrid :
_bRuiz Hermanos,
_c1917.
300 _aXXV, 759 p. ;
_c14 cm.
490 1 _aClásicos de la literatura española ;
_v12
650 4 _aPoesías españolas-
_yS.XVIII.
_9153681
650 4 _aPoesía española-
_yS.XIX
_916217
700 1 _aBonilla y San Martín, Adolfo,
_d1875-1926
_930193
830 0 _aClásicos de la literatura española ;
_v12
_9183654
852 _aES-MaACL
_jD-5220
999 _c116359
_d116359